000 01731nam0a2200373 4500
001 RU\NLR\BIBL_A\022637114
005 20260420054416.0
010 _a978-5-389-27844-8
_93000
021 _aRU
_bКН-П-25-049756
_9КН-П-25-4811
035 _a(NLR Aleph) 022637114
090 _a13685108
_c13685108
100 _a20251006d2025 b y0rusy50 ca
101 1 _arus
_cfre
102 _aRU
105 _aa z 000ay
181 0 _ai3
_baxxe
181 0 _ab1
_bxb2e
182 0 _an
200 1 _aПижамные сказки. Добрые истории на ночь
_e[детям до трёх лет]
_fАлександра Гарибал
_gиллюстрации Кэтрин Селберт
_gперевод с французского Ольги Марфунцевой
203 _aТекст
_aИзображение
_bвизуальные
_cнепосредственные
210 _aМосква
_cАзбука, Махаон
_d2025
215 _a63 с.
_cцв. ил.
_d27
327 1 _aСодерж.: Галета с секретом ; Медвежонок с добрым сердцем ; Виктор с его богатством ; Совет при лунном свете ; Невероятное путешествие Симеона ; Два сердце вместе
333 _a0+
517 1 _aДобрые истории на ночь
686 0 _aШ9(4Фр)60-4
700 1 _7ca
_8rus
_aГарибаль
_bА.
_f1982-
_gАлександра
_9252107
_3RU\NLR\AUTH\770252163
702 1 _aСелберт
_bК.
_gКэтрин
_4440
942 _cBOOK
980 _aNB